000 00962nam a22003137a 4500
001 BR2017002399
003 BR-BrBNA
005 20230928105139.0
007 ta
008 230509b bl.||||| |||| 00| 0 por d
040 _aBR-BrBNA
_bpor
_cBiblioteca Nacional de Agricultura
041 _a(Por)
072 _aL10; L53
_b8140
090 _ 8140 BR2017002399
100 1 _aDi Chiacchio, I.M.
110 1 _aUniversidade Federal de Lavras, MG (Brasil)
_0Tese (Mestrado)
245 1 _aQualidade do sêmen e sua congelabilidade ao longo da estação reprodutiva em Prochilodis lineatus e Brycon orbignyanus
260 3 _aLavras, MG (Brasil):
_c2016.
300 _a58 p.
500 _aSummaries (Eng, Por); Several bibliography; 9 illus.
650 _aCURIMATA
650 _aPIRACANJUBA
650 _aSÊMEN
650 _aCONGELAMENTO
650 _aQUALIDADE
650 _aCRIOPRESERVAÇÃO
909 _a202309
_bLucia
_c55
_dLucia Elande
942 _cBK
999 _c83680
_d83680